Communist Leaders #1 - Statistics

General Stats
  • This quiz has been taken 439 times
    423 since last reset
  • The average score is 5 of 8
Answer Stats
Answer % Correct
Josef Stalin
99%
Vladimir Lenin
95%
Mikhail Gorbachev
74%
Nikita Khrushchev
63%
Leonid Brezhnev
52%
Yuri Andropov
38%
Konstantin Chernenko
31%
Georgy Malenkov
26%
No matching quizzes found
Score Distribution
Percent of People with Each Score
Percentile by Number Answered
Your Score History
You have not taken this quiz since the last reset